| 000 | 01310pam a2200313 a 4500 | ||
|---|---|---|---|
| 001 | 634073 | ||
| 003 | NUST-PNEC | ||
| 005 | 20170116180705.0 | ||
| 008 | 930217s1993 enka b 001 0 eng | ||
| 010 | _a 93014758 | ||
| 020 | _a0750607866 | ||
| 040 |
_aDLC _cPNEC |
||
| 050 | 0 | 0 |
_aTA190 _b.H36 1993 |
| 082 | 0 | 0 |
_a620.0068 LOC _220 |
| 100 |
_9315 _aLock, Dennis |
||
| 245 | 0 | 0 |
_aHandbook of engineering management / _cedited by Dennis Lock. |
| 250 | _a2nd ed. | ||
| 260 |
_aOxford ; _aBoston : _bButterworth-Heinemann, _c1993. |
||
| 300 |
_axxviii, 852 p. : _bill. ; _c24 cm. |
||
| 500 | _aIncludes Index http://www.amazon.com/Handbook-Engineering-Management-Second-DENNIS/dp/0750607866/ref=sr_1_1?s=books&ie=UTF8&qid=1411183471&sr=1-1&keywords=0750607866 | ||
| 504 | _aIncludes bibliographical references and index. | ||
| 650 | 0 |
_aEngineering _xManagement. _vMIS |
|
| 700 | 1 | _aLock, Dennis. | |
| 856 | 4 | 2 |
_3Publisher description _uhttp://www.loc.gov/catdir/description/els032/93014758.html |
| 856 | 4 | 1 |
_3Table of contents _uhttp://www.loc.gov/catdir/toc/els032/93014758.html |
| 906 |
_a7 _bcbc _corignew _d1 _eocip _f19 _gy-gencatlg |
||
| 942 |
_2ddc _cBK |
||
| 999 |
_c60685 _d60685 |
||